[Event "Pan-American Youth Championships 2024"]
[Site "Chess.com"]
[Date "2024.07.19"]
[Round "08"]
[White "Jani, Aakash"]
[Black "Palathingal, Rafael"]
[Result "1/2-1/2"]
[WhiteElo "1873"]
[BlackElo "1843"]
[TimeControl "5400+30"]

1. e4 {[%clk 1:30:57]} 1... e5 {[%clk 1:30:57]} 2. Nf3 {[%clk 1:31:19]} 2... Nc6
{[%clk 1:31:25]} 3. Nc3 {[%clk 1:31:36]} 3... Nf6 {[%clk 1:31:49]} 4. a3 {[%clk
1:31:34]} 4... Bc5 {[%clk 1:31:43]} 5. Nxe5 {[%clk 1:31:29]} 5... Nxe5 {[%clk
1:31:52]} 6. d4 {[%clk 1:31:18]} 6... Bd6 {[%clk 1:31:53]} 7. f4 {[%clk
1:31:13]} 7... Nc6 {[%clk 1:30:51]} 8. e5 {[%clk 1:31:24]} 8... Qe7 {[%clk
1:29:44]} 9. Be2 {[%clk 1:29:49]} 9... O-O {[%clk 1:26:04]} 10. O-O {[%clk
1:26:07]} 10... Nxd4 {[%clk 1:25:10]} 11. exd6 {[%clk 1:24:28]} 11... Nxe2+
{[%clk 1:24:10]} 12. Nxe2 {[%clk 1:24:40]} 12... cxd6 {[%clk 1:21:11]} 13. Nc3
{[%clk 1:19:46]} 13... d5 {[%clk 1:20:36]} 14. Nxd5 {[%clk 1:18:56]} 14... Qc5+
{[%clk 1:20:47]} 15. Ne3 {[%clk 1:18:44]} 15... d5 {[%clk 1:21:07]} 16. c3
{[%clk 1:14:18]} 16... Bg4 {[%clk 1:21:31]} 17. Qd4 {[%clk 1:06:05]} 17... Qxd4
{[%clk 1:21:40]} 18. cxd4 {[%clk 1:06:29]} 18... Be2 {[%clk 1:21:18]} 19. Re1
{[%clk 1:03:03][%c_effect
g8;square;g8;type;DrawBlack,g1;square;g1;type;DrawWhite]} 1/2-1/2

[Event "Pan-American Youth Championships 2024"]
[Site "Chess.com"]
[Date "2024.07.20"]
[Round "09"]
[White "Palathingal, Rafael"]
[Black "Debmisra, Ariv"]
[Result "1-0"]
[WhiteElo "1843"]
[BlackElo "1828"]
[TimeControl "5400+30"]

1. d4 {[%clk 1:30:57]} 1... Nf6 {[%clk 1:30:52]} 2. c4 {[%clk 1:31:18]} 2... e6
{[%clk 1:31:18]} 3. Nf3 {[%clk 1:31:45]} 3... Bb4+ {[%clk 1:31:44]} 4. Bd2
{[%clk 1:32:10]} 4... Qe7 {[%clk 1:32:06]} 5. g3 {[%clk 1:32:23]} 5... O-O
{[%clk 1:32:25]} 6. Bg2 {[%clk 1:32:39]} 6... Nc6 {[%clk 1:32:39]} 7. O-O {[%clk
1:32:12]} 7... Bxd2 {[%clk 1:32:50]} 8. Nbxd2 {[%clk 1:32:28]} 8... d6 {[%clk
1:33:05]} 9. e4 {[%clk 1:32:04]} 9... e5 {[%clk 1:33:13]} 10. d5 {[%clk
1:32:27]} 10... Nb8 {[%clk 1:33:36]} 11. Qc2 {[%clk 1:32:21]} 11... a5 {[%clk
1:33:01]} 12. b3 {[%clk 1:30:18]} 12... Na6 {[%clk 1:33:07]} 13. a3 {[%clk
1:30:29]} 13... Bd7 {[%clk 1:32:27]} 14. Rab1 {[%clk 1:29:16]} 14... Nh5 {[%clk
1:30:19]} 15. Qd1 {[%clk 1:27:57]} 15... g6 {[%clk 1:29:34]} 16. b4 {[%clk
1:26:35]} 16... axb4 {[%clk 1:20:25]} 17. axb4 {[%clk 1:25:26]} 17... f5 {[%clk
1:11:38]} 18. Qc2 {[%clk 1:25:00]} 18... b6 {[%clk 1:04:52]} 19. Rfc1 {[%clk
1:15:43]} 19... f4 {[%clk 1:02:17]} 20. Nf1 {[%clk 1:12:30]} 20... g5 {[%clk
1:00:45]} 21. h3 {[%clk 1:08:48]} 21... fxg3 {[%clk 0:41:26]} 22. fxg3 {[%clk
1:09:05]} 22... Qf6 {[%clk 0:40:49]} 23. Qc3 {[%clk 1:04:00]} 23... Qg6 {[%clk
0:34:41]} 24. c5 {[%clk 1:02:37]} 24... Bb5 {[%clk 0:24:13]} 25. Kh2 {[%clk
0:59:31]} 25... g4 {[%clk 0:13:02]} 26. Nh4 {[%clk 0:59:22]} 26... Qg5 {[%clk
0:12:24]} 27. cxd6 {[%clk 0:52:58]} 27... gxh3 {[%clk 0:09:24]} 28. Bxh3 {[%clk
0:49:55]} 28... cxd6 {[%clk 0:07:02]} 29. Be6+ {[%clk 0:49:34]} 29... Kh8 {[%clk
0:07:20]} 30. Nf5 {[%clk 0:49:47]} 30... Ng7 {[%clk 0:07:34]} 31. Qd2 {[%clk
0:44:04]} 31... Qh5+ {[%clk 0:04:42]} 32. Kg2 {[%clk 0:43:52]} 32... Nxf5 {[%clk
0:04:38]} 33. exf5 {[%clk 0:43:38]} 33... Rxf5 {[%clk 0:03:56]} 34. Bxf5 {[%clk
0:43:21]} 34... Qxf5 {[%clk 0:04:24]} 35. Qf2 {[%clk 0:42:23]} 35... Bd3 {[%clk
0:04:32]} 36. Qxf5 {[%clk 0:39:41]} 36... Bxf5 {[%clk 0:05:01]} 37. Rb2 {[%clk
0:36:16]} 37... Rc8 {[%clk 0:04:27]} 38. Rc6 {[%clk 0:33:34]} 38... Rxc6 {[%clk
0:03:49]} 39. dxc6 {[%clk 0:32:06]} 39... Be4+ {[%clk 0:04:12]} 40. Kf2 {[%clk
0:32:06]} 40... Nc7 {[%clk 0:03:01]} 41. Ra2 {[%clk 0:30:26]} 41... Nb5 {[%clk
0:01:54]} 42. Ra8+ {[%clk 0:30:41]} 42... Kg7 {[%clk 0:02:18]} 43. c7 {[%clk
0:31:05][%c_effect f2;square;f2;type;Winner]} 1-0